[Event "Hastings Weekend op"]
[Site "Hastings"]
[Date "2023.01.08"]
[Round "5"]
[White "Badacsonyi, Stanley Ethan Artie"]
[Black "Marusenko, Petr"]
[Result "0-1"]
[WhiteElo "1856"]
[BlackElo "2041"]
[PlyCount "70"]
[EventDate "2023.01.07"]
[EventType "swiss"]
[EventRounds "5"]
[EventCountry "ENG"]
[SourceTitle "CBM 212 Extra"]
[Source "ChessBase"]
[SourceDate "2023.03.31"]
[SourceVersion "1"]
[SourceVersionDate "2023.03.31"]
[SourceQuality "1"]

1. d4 d5 2. Nc3 Nf6 3. Bf4 Bf5 4. e3 e6 5. Bd3 Bg6 6. Nf3 Bd6 7. Ne5 Nbd7 8. Nxg6 hxg6 9. Bxd6 cxd6 10. h3 a6 11. Qf3 Rc8 12. 0-0 Nb6 13. Rfe1 Nc4 14. Rab1 Nd2 15. Qg3 Nxb1 16. Rxb1 0-0 17. f3 Rc6 18. Kh1 Qa5 19. a3 Nd7 20. e4 dxe4 21. Nxe4 Qb6 22. c3 Rfc8 23. Ng5 Nf6 24. Re1 Qxb2 25. Nxf7 Kxf7 26. Qxg6+ Kg8 27. Rxe6 Qc1+ 28. Kh2 Qf4+ 29. Kg1 Rxc3 30. Bf5 Qxd4+ 31. Kh2 Qf4+ 32. Kg1 Rxa3 33. Re2 Rc1+ 34. Kf2 Qh4+ 35. g3 Qd4+ 0-1

[Event "London Chess Classic: Blitz C"]
[Site "London"]
[Date "2019.12.08"]
[Round "6"]
[White "Marusenko, Petr"]
[Black "Wallace, John Paul"]
[Result "0-1"]
[WhiteElo "2058"]
[BlackElo "2345"]
[PlyCount "62"]
[EventDate "2019.12.08"]
[EventType "swiss (blitz)"]
[EventRounds "11"]
[EventCountry "ENG"]
[SourceTitle "EXT 2021"]
[Source "ChessBase"]
[SourceDate "2020.10.23"]
[SourceVersion "1"]
[SourceVersionDate "2020.10.23"]
[SourceQuality "1"]

1. d4 Nf6 2. c4 g6 3. Nc3 Bg7 4. g3 0-0 5. Bg2 d6 6. Nf3 Nbd7 7. 0-0 e5 8. h3 Re8 9. e4 exd4 10. Nxd4 Nc5 11. Re1 Bd7 12. b4 Ne6 13. Nxe6 Bxe6 14. Qb3 Nd7 15. Bb2 c6 16. Rad1 Qc7 17. Nd5 cxd5 18. cxd5 Bxh3 19. Bxh3 Ne5 20. Bg2 Rac8 21. Rc1 Qb6 22. Rxc8 Rxc8 23. Rd1 Rc4 24. a3 Qc7 25. f4 Ng4 26. Bxg7 Kxg7 27. Qb2+ f6 28. Qe2 h5 29. Rd2 Rc1+ 30. Bf1 Qb6+ 31. Kh1 Ne3 0-1

[Event "London Classic rapid op 11th"]
[Site "London"]
[Date "2019.12.07"]
[Round "3"]
[White "Arkell, Keith C"]
[Black "Marusenko, Petr"]
[Result "1-0"]
[WhiteElo "2400"]
[BlackElo "2057"]
[PlyCount "175"]
[EventDate "2019.12.07"]
[EventType "swiss (rapid)"]
[EventRounds "7"]
[EventCountry "ENG"]
[SourceTitle "CBM 195 Extra"]
[Source "ChessBase"]
[SourceDate "2020.05.31"]
[SourceVersion "1"]
[SourceVersionDate "2020.05.31"]
[SourceQuality "1"]

1. d4 d5 2. c4 c6 3. Nf3 Nf6 4. Qc2 g6 5. Bf4 Bf5 6. Qb3 Qb6 7. e3 Nbd7 8. Nc3 Bg7 9. h3 Qxb3 10. axb3 h5 11. Be2 0-0 12. Ne5 Ne4 13. Nxd7 Bxd7 14. cxd5 Nxc3 15. bxc3 cxd5 16. Kd2 a6 17. Ra5 Bc6 18. Bf3 Rad8 19. Bc7 Rd7 20. Bb6 f6 21. g4 hxg4 22. hxg4 e5 23. c4 dxc4 24. Bxc6 bxc6 25. bxc4 Rb8 26. Rxa6 Bf8 27. Kc3 exd4+ 28. Bxd4 Bb4+ 29. Kc2 c5 30. Bc3 Bxc3 31. Kxc3 Kg7 32. Rc6 Ra8 33. Rxc5 Ra2 34. Rd5 Rda7 35. f4 Re7 36. Re1 Rg2 37. g5 f5 38. c5 Ra2 39. c6 Ra6 40. Rd6 Rc7 41. Kd4 Raxc6 42. Rxc6 Rxc6 43. Rb1 Rc7 44. Rb5 Re7 45. Re5 Rd7+ 46. Kc5 Ra7 47. Re6 Rb7 48. Kc6 Ra7 49. Kb6 Rd7 50. Rc6 Rd3 51. Re6 Rd7 52. Kc5 Ra7 53. Kd6 Ra6+ 54. Kd7 Ra7+ 55. Kd8 Ra8+ 56. Kc7 Ra7+ 57. Kc8 Kf7 58. Rf6+ Kg7 59. Rd6 Ra3 60. Re6 Ra7 61. Kd8 Ra8+ 62. Kc7 Ra7+ 63. Kb6 Rd7 64. Kc6 Ra7 65. Kb5 Rc7 66. Ka6 Kf7 67. Rf6+ Kg7 68. Rd6 Kf7 69. Kb6 Rc3 70. Rf6+ Kg7 71. Re6 Rc4 72. Kb5 Rc1 73. Rc6 Rd1 74. Kc4 Rd7 75. Re6 Ra7 76. Kc5 Ra5+ 77. Kb6 Rd5 78. Kc6 Ra5 79. Re7+ Kg8 80. Kd6 Ra3 81. Ke5 Rxe3+ 82. Kf6 Re4 83. Ra7 Rxf4 84. Kxg6 Kf8 85. Kf6 Ke8 86. g6 Rb4 87. g7 Rb6+ 88. Kg5 1-0

[Event "London Classic rapid op 11th"]
[Site "London"]
[Date "2019.12.07"]
[Round "6"]
[White "Marusenko, Petr"]
[Black "O'Gorman, Tom"]
[Result "1/2-1/2"]
[WhiteElo "2057"]
[BlackElo "2001"]
[PlyCount "152"]
[EventDate "2019.12.07"]
[EventType "swiss (rapid)"]
[EventRounds "7"]
[EventCountry "ENG"]
[SourceTitle "CBM 195 Extra"]
[Source "ChessBase"]
[SourceDate "2020.05.31"]
[SourceVersion "1"]
[SourceVersionDate "2020.05.31"]
[SourceQuality "1"]

1. d4 Nf6 2. c4 c5 3. d5 b5 4. cxb5 a6 5. bxa6 g6 6. g3 Bg7 7. Bg2 d6 8. Nc3 0-0 9. Nf3 Nbd7 10. 0-0 Nb6 11. Rb1 Bf5 12. Ra1 Rxa6 13. Nd2 Qa8 14. e4 Bg4 15. Bf3 Bxf3 16. Qxf3 Nfd7 17. Ndb1 e6 18. dxe6 fxe6 19. Qg4 Qe8 20. Rd1 Qe7 21. Bg5 Bf6 22. Bxf6 Qxf6 23. Qe2 Na4 24. Nxa4 Rxa4 25. Nc3 Rd4 26. Nb5 Rb4 27. Rd2 Ne5 28. f4 Nc4 29. Rc2 Rxb5 30. Qxc4 Rb4 31. Qc3 Qxc3 32. bxc3 Rxe4 33. a4 Ra8 34. a5 e5 35. fxe5 Rxe5 36. a6 Re7 37. Rb2 Kf7 38. Rb6 Rd7 39. c4 Ke7 40. Re1+ Kd8 41. Rc6 d5 42. Rf1 Raa7 43. Rf8+ Ke7 44. Rh8 dxc4 45. Rxh7+ Kd8 46. Rh8+ Ke7 47. Rhc8 Rd6 48. R6c7+ Rxc7 49. Rxc7+ Ke6 50. a7 Rd8 51. Rxc5 Ra8 52. Rxc4 Rxa7 53. Rc2 Kf5 54. Kg2 Ra3 55. h4 Kg4 56. Rc4+ Kh5 57. Rc5+ Kh6 58. Kh3 Rb3 59. Rc6 Ra3 60. Kg2 Ra2+ 61. Kf3 Ra3+ 62. Kf4 Ra4+ 63. Kf3 Ra3+ 64. Kg4 Ra4+ 65. Kh3 Ra3 66. Rc8 Rb3 67. Rc5 Ra3 68. Rb5 Rc3 69. Kg2 Ra3 70. Rb4 Ra2+ 71. Kf3 Ra3+ 72. Kg4 Ra1 73. Kf4 Ra2 74. g4 Ra3 75. g5+ Kh5 76. Ke5 Rf3 1/2-1/2

[Event "London Classic op 11th"]
[Site "London"]
[Date "2019.12.01"]
[Round "4"]
[White "Marusenko, Petr"]
[Black "Gilmore, Samuel"]
[Result "1-0"]
[WhiteElo "2085"]
[BlackElo "1757"]
[PlyCount "39"]
[EventDate "2019.11.29"]
[EventType "swiss"]
[EventRounds "9"]
[EventCountry "ENG"]
[SourceTitle "CBM 193 Extra"]
[Source "ChessBase"]
[SourceDate "2020.01.31"]
[SourceVersion "1"]
[SourceVersionDate "2020.01.31"]
[SourceQuality "1"]

1. e4 c6 2. d4 d5 3. Nc3 dxe4 4. Nxe4 Bf5 5. Ng3 Bg6 6. N1e2 e6 7. h4 h6 8. Nf4 Bh7 9. Bc4 Nf6 10. 0-0 Nd5 11. Re1 Nxf4 12. Bxf4 Qxh4 13. Qf3 Be7 14. Nh5 0-0 15. Be5 Nd7 16. Bxg7 Rfd8 17. Rxe6 Nb6 18. Re4 Nxc4 19. Rxh4 Bxh4 20. Bf6 1-0

[Event "Rubinstein Memorial-B 55th"]
[Site "Polanica Zdroj"]
[Date "2019.08.25"]
[Round "9"]
[White "Marusenko, Petr"]
[Black "Solek, Zenon"]
[Result "1/2-1/2"]
[WhiteElo "2124"]
[BlackElo "1782"]
[PlyCount "72"]
[EventDate "2019.08.17"]
[EventType "swiss"]
[EventRounds "9"]
[EventCountry "POL"]
[SourceTitle "EXT 2020"]
[Source "ChessBase"]
[SourceDate "2019.10.17"]
[SourceVersion "1"]
[SourceVersionDate "2019.10.17"]
[SourceQuality "1"]

1. d4 Nf6 2. c4 c5 3. d5 a6 4. g3 b5 5. Bg2 d6 6. Nf3 g6 7. 0-0 Bg7 8. Re1 0-0 9. e4 Nbd7 10. Qe2 bxc4 11. Nc3 Nb6 12. Bf4 Nh5 13. Bg5 h6 14. Bd2 Nf6 15. Rad1 a5 16. Bf4 Nh5 17. Bc1 Nf6 18. e5 Nh7 19. h4 Bg4 20. Qe3 Rc8 21. Qf4 Bxf3 22. exd6 exd6 23. Bxf3 g5 24. hxg5 Nxg5 25. Bg2 Qf6 26. Qg4 Rfe8 27. f4 Nh7 28. Ne4 Qe7 29. Bd2 Nf6 30. Nxf6+ Qxf6 31. Bxa5 Qxb2 32. Qf5 c3 33. Be4 Nc4 34. Bc2 Nxa5 35. Rb1 Qa3 36. Qd7 Red8 1/2-1/2

[Event "South Wales op 16th"]
[Site "Cardiff"]
[Date "2019.07.11"]
[Round "8"]
[White "Marusenko, Petr"]
[Black "Blackburn, Jonathan LB"]
[Result "0-1"]
[WhiteElo "2154"]
[BlackElo "2217"]
[PlyCount "130"]
[EventDate "2019.07.07"]
[EventType "swiss"]
[EventRounds "9"]
[EventCountry "WLS"]
[SourceTitle "CBM 191 Extra"]
[Source "ChessBase"]
[SourceDate "2019.09.30"]
[SourceVersion "1"]
[SourceVersionDate "2019.09.30"]
[SourceQuality "1"]

1. d4 Nf6 2. c4 g6 3. Nc3 Bg7 4. g3 d6 5. Bg2 0-0 6. Nf3 Nc6 7. 0-0 a6 8. Qd3 Nd7 9. e4 b5 10. b3 Nb4 11. Qe2 c5 12. Be3 Bb7 13. Rac1 bxc4 14. bxc4 Qa5 15. Rfd1 Rab8 16. Bg5 cxd4 17. Nd5 Bxd5 18. exd5 d3 19. Qxe7 Nc5 20. Bd2 Qd8 21. Qxd8 Rfxd8 22. a3 Na2 23. Rb1 Nb3 24. Bb4 a5 25. Be1 a4 26. Rxd3 Rbc8 27. Bf1 Re8 28. Bb4 Nxb4 29. axb4 Rb8 30. Rdxb3 axb3 31. Rxb3 Rb6 32. Nd2 Reb8 33. b5 Ra8 34. Ne4 Ra2 35. Rf3 h6 36. Nf6+ Bxf6 37. Rxf6 Kg7 38. Rf3 Rb8 39. Bh3 Rc2 40. Rf4 f5 41. Bf1 Kf6 42. Rf3 Ke5 43. Re3+ Kd4 44. Re6 Ra8 45. Rxg6 Ra1 46. Kg2 Raa2 47. b6 Rxf2+ 48. Kg1 Ke3 49. Re6+ Kf3 50. Re1 Rab2 51. Rd1 Rfc2 52. Rd4 Rxb6 53. Rf4+ Ke3 54. Rxf5 Rbb2 55. h4 Rf2 56. g4 Rxf5 57. gxf5 Kf4 58. f6 Rb7 59. Kf2 Rf7 60. h5 Rxf6 61. Be2 Rf8 62. Bd3 Ra8 63. Ke2 Ra2+ 64. Kd1 Ke3 65. Bf5 Kd4 0-1

[Event "South Wales op 16th"]
[Site "Cardiff"]
[Date "2019.07.09"]
[Round "5"]
[White "Camp, Imogen AL"]
[Black "Marusenko, Petr"]
[Result "0-1"]
[WhiteElo "1850"]
[BlackElo "2154"]
[PlyCount "120"]
[EventDate "2019.07.07"]
[EventType "swiss"]
[EventRounds "9"]
[EventCountry "WLS"]
[SourceTitle "CBM 191 Extra"]
[Source "ChessBase"]
[SourceDate "2019.09.30"]
[SourceVersion "1"]
[SourceVersionDate "2019.09.30"]
[SourceQuality "1"]

1. d4 d5 2. c4 c6 3. Nf3 Nf6 4. e3 Bf5 5. Nc3 e6 6. Bd3 Bxd3 7. Qxd3 Bb4 8. 0-0 Nbd7 9. a3 Bxc3 10. bxc3 0-0 11. Bb2 Nb6 12. Nd2 Rc8 13. f3 Na4 14. Rab1 b5 15. cxb5 cxb5 16. Qxb5 Nxc3 17. Bxc3 Rxc3 18. Rb3 Qc7 19. Rfb1 Rc8 20. Nf1 Ne8 21. Rxc3 Qxc3 22. Qd7 Qc7 23. Qxc7 Rxc7 24. Rb8 Kf8 25. e4 dxe4 26. fxe4 Rc4 27. Rb4 Rxb4 28. axb4 Ke7 29. Kf2 Nf6 30. Ke3 Kd7 31. Kd3 Kc6 32. Nd2 Kb5 33. Kc3 h5 34. Kb3 g5 35. e5 Nd5 36. Ne4 g4 37. Nd6+ Kc6 38. Nxf7 Ne3 39. Ng5 Kd5 40. Kc3 Nxg2 41. Nh7 Nf4 42. Nf6+ Kc6 43. Kc4 a6 44. Kc3 Ne2+ 45. Kd3 g3 46. hxg3 Nxg3 47. Ke3 h4 48. Kf3 Nf5 49. Ke4 Ne7 50. Kf3 Nd5 51. Ne4 Nxb4 52. Nc5 Kd5 53. Kg4 a5 54. Kxh4 Nc6 55. Nb3 a4 56. Na1 Kxd4 57. Kg5 Kc3 58. Kf6 Kb2 59. Kxe6 Kxa1 60. Kd6 Nxe5 0-1

[Event "Krakow op-A 29th"]
[Site "Krakow"]
[Date "2018.12.30"]
[Round "5"]
[White "Marusenko, Petr"]
[Black "Szpar, Milosz"]
[Result "0-1"]
[WhiteElo "2163"]
[BlackElo "2339"]
[PlyCount "106"]
[EventDate "2018.12.27"]
[EventType "swiss"]
[EventRounds "9"]
[EventCountry "POL"]
[SourceTitle "CBM 189 Extra"]
[Source "ChessBase"]
[SourceDate "2019.06.03"]
[SourceVersion "1"]
[SourceVersionDate "2019.06.03"]
[SourceQuality "1"]

1. d4 Nf6 2. c4 e6 3. Nc3 Bb4 4. e3 0-0 5. Bd3 d5 6. Bd2 c5 7. Nf3 cxd4 8. exd4 dxc4 9. Bxc4 b6 10. a3 Be7 11. Qe2 Bb7 12. Rd1 Nc6 13. Bf4 Na5 14. Bd3 Rc8 15. 0-0 Nd5 16. Qe4 g6 17. Nxd5 Qxd5 18. Qxd5 Bxd5 19. Rfe1 Bxf3 20. gxf3 Bf6 21. Be5 Kg7 22. f4 Rfd8 23. Be4 Bxe5 24. fxe5 Nc4 25. b3 Nxa3 26. d5 exd5 27. Rxd5 Rxd5 28. Bxd5 Rd8 29. Be4 Nb5 30. Kg2 Rd4 31. Bc6 Nc7 32. Re3 Ne6 33. Rc3 Rb4 34. f3 g5 35. Kf2 Rh4 36. Kg3 Nd4 37. Kg2 Ne6 38. Re3 Rd4 39. Kf2 h5 40. Rc3 Rd2+ 41. Kg1 Re2 42. b4 Rxe5 43. b5 Nd4 44. Rd3 Nxb5 45. Rd7 Kf6 46. Kg2 Ke6 47. Rb7 Rc5 48. Bd7+ Kf6 49. Rb8 Nd6 50. Rh8 h4 51. f4 Rc2+ 52. Kg1 gxf4 53. Rxh4 f3 0-1